[Event "2. Bundesliga West 2015/16"]
[Site "Voels Theatersaal"]
[Date "2016.01.23"]
[Round "7"]
[Board "4"]
[White "Meier, Alexander"]
[Black "Stajner, Samo"]
[Result "0-1"]
[WhiteElo "2186"]
[BlackElo "2351"]
[PlyCount "108"]
[EventDate "2015.10.16"]
[EventType "team"]
[EventRounds "11"]
[EventCountry "AUT"]
[WhiteTeam "SPG Voels/HAK/HAS Innsbruck"]
[BlackTeam "Schwarzach"]

1. e4 g6 2. d4 Bg7 3. Nc3 d6 4. f4 a6 5. Nf3 b5 6. Bd3 Nd7 7. Be3 Bb7 8. e5 Nh6
9. a4 b4 10. Ne4 Nf5 11. Bf2 c5 12. Qe2 cxd4 13. Neg5 dxe5 14. Bxf5 gxf5 15.
fxe5 Bxf3 16. Nxf3 Qa5 17. Bxd4 e6 18. O-O Rg8 19. c3 Rb8 20. cxb4 Qxb4 21.
Qxa6 Bxe5 22. Bxe5 Nxe5 23. Nxe5 Qd4+ 24. Kh1 Qxe5 25. Qc6+ Ke7 26. Rae1 Qd6
27. Qc2 Kf8 28. Rf3 Qb4 29. Re2 Rg4 30. b3 Rd8 31. h3 Rgd4 32. Qc7 R8d7 33. Qe5
Qd6 34. Qxd6+ R7xd6 35. Rc2 Rb6 36. Rcc3 Rdb4 37. Kg1 Ke7 38. Kf2 f4 39. Rc4
Rxc4 40. bxc4 Rb2+ 41. Kf1 e5 42. Ra3 Rb6 43. Ke2 e4 44. a5 Ra6 45. g3 fxg3 46.
Rxg3 Rxa5 47. Rg7 Ke6 48. Rxh7 f5 49. h4 Ra2+ 50. Ke3 Ra3+ 51. Ke2 f4 52. Rh5
Ra2+ 53. Ke1 f3 54. Rd5 e3 0-1

[Event "2. Bundesliga West 2015/16"]
[Site "Voels Theatersaal"]
[Date "2016.01.23"]
[Round "7"]
[Board "5"]
[White "Ljubic, Juro"]
[Black "Hajdarevic, Dino"]
[Result "1/2-1/2"]
[WhiteElo "2213"]
[BlackElo "2135"]
[PlyCount "60"]
[EventDate "2015.10.16"]
[EventType "team"]
[EventRounds "11"]
[EventCountry "AUT"]
[WhiteTeam "Schwarzach"]
[BlackTeam "SPG Voels/HAK/HAS Innsbruck"]

1. e4 e6 2. d4 d5 3. e5 c5 4. c3 Nc6 5. Be3 Qb6 6. Qd2 cxd4 7. cxd4 Nge7 8. Nf3
Nf5 9. Be2 Bd7 10. O-O Rc8 11. Nc3 Na5 12. Rac1 Bb4 13. Bd3 Nc4 14. Qe2 Nfxe3
15. fxe3 Be7 16. b3 Na5 17. Na4 Qd8 18. Rxc8 Qxc8 19. Qd2 b6 20. Rc1 Qd8 21.
Qc2 Ba3 22. Rf1 g6 23. Rf2 O-O 24. Nc3 Nc6 25. Nb5 Nb4 26. Qe2 Nxd3 27. Qxd3
Bxb5 28. Qxb5 Qc7 29. Qd3 Qc1+ 30. Rf1 Qc7 1/2-1/2

[Event "2. Bundesliga West 2015/16"]
[Site "Voels Theatersaal"]
[Date "2016.01.23"]
[Round "7"]
[Board "6"]
[White "Georgiev, Georgi"]
[Black "Stoeckl, Norbert"]
[Result "0-1"]
[WhiteElo "2107"]
[BlackElo "2094"]
[PlyCount "102"]
[EventDate "2015.10.16"]
[EventType "team"]
[EventRounds "11"]
[EventCountry "AUT"]
[WhiteTeam "SPG Voels/HAK/HAS Innsbruck"]
[BlackTeam "Schwarzach"]

1. Nf3 Nf6 2. c4 g6 3. Nc3 d5 4. cxd5 Nxd5 5. Qa4+ c6 6. Qd4 Nf6 7. Qxd8+ Kxd8
8. e4 Bg7 9. d4 h6 10. Bc4 Ke8 11. e5 Nfd7 12. e6 fxe6 13. Bxe6 Nb6 14. Bb3 Bf5
15. O-O N8d7 16. h3 g5 17. Re1 Rd8 18. Ne4 Bxe4 19. Rxe4 c5 20. Bd2 Nf6 21. Re2
cxd4 22. Rae1 Nfd5 23. Ne5 Rf8 24. a4 Rf6 25. a5 Nc8 26. Ba4+ Kf8 27. Nd7+ Kf7
28. Nxf6 Bxf6 29. Bb3 Kf8 30. Rc1 Nf4 31. Bxf4 gxf4 32. Rd2 Nd6 33. f3 Nf5 34.
Be6 Ne3 35. Rc7 Rd6 36. Bb3 Ra6 37. Rc8+ Kg7 38. Rg8+ Kh7 39. Rb8 Rxa5 40. Rxb7
Bh4 41. g3 Ra1+ 42. Rd1 Nxd1 43. gxh4 Nxb2+ 44. Kf2 Nd3+ 45. Ke2 Nc5 46. Rxe7+
Kg6 47. h5+ Kf6 48. Rf7+ Ke5 49. Bc4 d3+ 50. Kf2 d2 51. Be2 Re1 0-1

[Event "2. Bundesliga West 2015/16"]
[Site "Voels Theatersaal"]
[Date "2016.01.23"]
[Round "7"]
[Board "1"]
[White "Kessler, Luca"]
[Black "Eybl, Alexander"]
[Result "1/2-1/2"]
[WhiteElo "2324"]
[BlackElo "2240"]
[PlyCount "103"]
[EventDate "2015.10.16"]
[EventType "team"]
[EventRounds "11"]
[EventCountry "AUT"]
[WhiteTeam "Goetzis 2"]
[BlackTeam "Pradl"]

1. e4 c5 2. Nf3 d6 3. d4 cxd4 4. Nxd4 Nf6 5. Nc3 a6 6. f4 e5 7. Nf3 exf4 8.
Bxf4 Be7 9. Qd2 O-O 10. O-O-O Be6 11. Nd4 Bd7 12. Nf5 Bxf5 13. exf5 Nc6 14.
Bxd6 Bxd6 15. Qxd6 Qa5 16. Qf4 b5 17. Kb1 Rfe8 18. Bd3 Rad8 19. a3 Rd4 20. Qf3
Ne5 21. Qf2 Nc6 22. Ne2 Rdd8 23. Nc1 Qc7 24. Nb3 Ne5 25. Qc5 Qb8 26. Be2 Ned7
27. Qf2 Ne4 28. Qf3 b4 29. axb4 Qxb4 30. Bd3 Nec5 31. Qd5 Nxb3 32. Qxb3 Qxb3
33. cxb3 Nc5 34. Bc4 a5 35. Rxd8 Rxd8 36. Kc2 Kf8 37. Ra1 Ne4 38. Rxa5 Rd2+ 39.
Kb1 Rxg2 40. Ra8+ Ke7 41. Ra7+ Kd6 42. Rxf7 Rxh2 43. Rxg7 h5 44. Bd3 Nf6 45.
Bc4 h4 46. b4 h3 47. Rg6 Ke5 48. Rh6 Ng4 49. Rh4 Rh1+ 50. Ka2 h2 51. Be2 Rg1
52. Bxg4 1/2-1/2

[Event "2. Bundesliga West 2015/16"]
[Site "Voels Theatersaal"]
[Date "2016.01.23"]
[Round "7"]
[Board "2"]
[White "Doskocil, Klaus"]
[Black "Gauss, Gustav"]
[Result "0-1"]
[WhiteElo "2251"]
[BlackElo "2182"]
[PlyCount "74"]
[EventDate "2015.10.16"]
[EventType "team"]
[EventRounds "11"]
[EventCountry "AUT"]
[WhiteTeam "Pradl"]
[BlackTeam "Goetzis 2"]

1. e4 d5 2. Nc3 Nf6 3. e5 d4 4. Nce2 Ng4 5. f4 h5 6. Nf3 c5 7. Ng3 h4 8. Ne4
Qd5 9. Bb5+ Bd7 10. Qe2 Bxb5 11. Qxb5+ Nd7 12. Qe2 h3 13. Nfg5 f5 14. gxh3
Ngxe5 15. Ng3 Nf7 16. Ne6 Rc8 17. O-O g6 18. Re1 Rxh3 19. a4 Nfe5 20. Ng5 d3
21. cxd3 Rxg3+ 22. hxg3 Qxd3 23. Ra3 Qxe2 24. Rxe2 Bh6 25. Rae3 Bxg5 26. fxg5
Nc6 27. Rh2 Nf8 28. b3 Rd8 29. Bb2 Nd4 30. Kf1 Kf7 31. Rc3 b6 32. Rd3 e5 33.
Bxd4 cxd4 34. b4 Kg7 35. Rb3 Ne6 36. g4 f4 37. Re2 Rd5 0-1

[Event "2. Bundesliga West 2015/16"]
[Site "Voels Theatersaal"]
[Date "2016.01.23"]
[Round "7"]
[Board "3"]
[White "Gretz, Denis"]
[Black "Praxmarer, Christian"]
[Result "1-0"]
[WhiteElo "2073"]
[BlackElo "1992"]
[PlyCount "57"]
[EventDate "2015.10.16"]
[EventType "team"]
[EventRounds "11"]
[EventCountry "AUT"]
[WhiteTeam "Goetzis 2"]
[BlackTeam "Pradl"]

1. e4 e6 2. d4 d5 3. Nc3 Bb4 4. e5 Ne7 5. a3 Bxc3+ 6. bxc3 c5 7. Qg4 Qc7 8. Bd3
cxd4 9. Ne2 dxc3 10. Qxg7 Rg8 11. Qh6 Nbc6 12. Bf4 Bd7 13. Bxh7 Rh8 14. Qg7
O-O-O 15. Qxf7 Rhf8 16. Qg7 Nf5 17. Bxf5 Rxf5 18. h4 Nd4 19. Nxd4 Rxf4 20. Nf3
Qc4 21. Qe7 Ba4 22. Ng5 Bb5 23. O-O-O Rxf2 24. Nxe6 Rxc2+ 25. Kxc2 Qe4+ 26.
Kxc3 Qxe5+ 27. Rd4 Qe3+ 28. Kb2 Qf2+ 29. Ka1 1-0

[Event "2. Bundesliga West 2015/16"]
[Site "Voels Theatersaal"]
[Date "2016.01.23"]
[Round "7"]
[Board "4"]
[White "Nedelchev, Nikolay"]
[Black "Jussupow, Nadia"]
[Result "1/2-1/2"]
[WhiteElo "2008"]
[BlackElo "2105"]
[PlyCount "60"]
[EventDate "2015.10.16"]
[EventType "team"]
[EventRounds "11"]
[EventCountry "AUT"]
[WhiteTeam "Pradl"]
[BlackTeam "Goetzis 2"]

1. Nf3 d5 2. g3 g6 3. Bg2 Bg7 4. d4 Nf6 5. O-O O-O 6. Bf4 c5 7. c3 cxd4 8. cxd4
Nc6 9. Nc3 Ne4 10. Ne5 Nxc3 11. bxc3 Nxe5 12. Bxe5 Bxe5 13. dxe5 Qc7 14. Qd4
Rd8 15. Rfd1 Be6 16. Rd3 Rac8 17. Rad1 Qa5 18. e4 dxe4 19. Qxd8+ Rxd8 20. Rxd8+
Kg7 21. Bxe4 Bxa2 22. Bxb7 Qxc3 23. Bd5 Bxd5 24. R8xd5 e6 25. R5d4 a5 26. Re4
g5 27. Rdd4 h5 28. h3 Kg6 29. Kg2 Kf5 30. g4+ hxg4 1/2-1/2

[Event "2. Bundesliga West 2015/16"]
[Site "Voels Theatersaal"]
[Date "2016.01.23"]
[Round "7"]
[Board "5"]
[White "Kranz, Armin"]
[Black "Nussbaumer, Leon"]
[Result "1/2-1/2"]
[WhiteElo "2131"]
[BlackElo "1890"]
[PlyCount "106"]
[EventDate "2015.10.16"]
[EventType "team"]
[EventRounds "11"]
[EventCountry "AUT"]
[WhiteTeam "Goetzis 2"]
[BlackTeam "Pradl"]

1. d4 d5 2. Nf3 Nf6 3. c4 e6 4. Nc3 c6 5. e3 Nbd7 6. Qc2 Bd6 7. Bd3 O-O 8. O-O
Re8 9. h3 e5 10. cxd5 cxd5 11. e4 dxe4 12. Bxe4 exd4 13. Nxd4 Be5 14. Rd1 Qe7
15. Bg5 h6 16. Nf5 Qe6 17. Bxf6 Nxf6 18. Nd4 Qc4 19. Ncb5 Qxc2 20. Bxc2 Bd7 21.
Bf5 Bxf5 22. Nxf5 Bxb2 23. Rab1 Be5 24. Nbd6 Bxd6 25. Nxd6 Re2 26. Rxb7 Rxa2
27. Nxf7 a5 28. Rd8+ Rxd8 29. Nxd8 a4 30. Ne6 g5 31. Rg7+ Kh8 32. Ra7 Ne4 33.
Nd4 Nxf2 34. Ra6 Ne4 35. Rxh6+ Kg7 36. Ra6 Ra1+ 37. Kh2 Nc3 38. Kg3 a3 39. Nc2
Ra2 40. Nb4 Ra1 41. Nc2 Ra2 42. Ra7+ Kg6 43. Nxa3 Ne4+ 44. Kh2 Kf5 45. Nb5 Rxa7
46. Nxa7 g4 47. hxg4+ Kxg4 48. Nc6 Ng5 49. Ne5+ Kf4 50. Ng6+ Kf5 51. Ne7+ Kg4
52. Nd5 Nf3+ 53. gxf3+ Kxf3 1/2-1/2

[Event "2. Bundesliga West 2015/16"]
[Site "Voels Theatersaal"]
[Date "2016.01.23"]
[Round "7"]
[Board "6"]
[White "Kimpel, Janine"]
[Black "Bacquele, Fabrice"]
[Result "1-0"]
[WhiteElo "1765"]
[BlackElo "1964"]
[PlyCount "81"]
[EventDate "2015.10.16"]
[EventType "team"]
[EventRounds "11"]
[EventCountry "AUT"]
[WhiteTeam "Pradl"]
[BlackTeam "Goetzis 2"]

1. e4 e6 2. d4 d5 3. Nd2 Nf6 4. e5 Nfd7 5. f4 c5 6. c3 Nc6 7. Ndf3 Qb6 8. Ne2
Be7 9. g3 f6 10. Bh3 cxd4 11. cxd4 fxe5 12. Bxe6 e4 13. Ng5 Bxg5 14. fxg5 Nde5
15. Bxd5 Nd3+ 16. Kd2 Nf2 17. Qf1 Rf8 18. Qe1 Qb4+ 19. Kc2 Nxd4+ 20. Kb1 Bf5
21. Be3 Qc5 22. Nxd4 Qxd5 23. Qxf2 Qxd4 24. Bxd4 e3+ 25. Qxf5 Rxf5 26. Bxe3 Re5
27. Bd2 O-O-O 28. Rc1+ Kd7 29. Bc3 Re2 30. Rd1+ Ke8 31. Rxd8+ Kxd8 32. a3 Rxh2
33. Bxg7 b5 34. Ka2 a5 35. Rd1+ Kc7 36. Be5+ Kb6 37. Rd6+ Kc5 38. Rd3 b4 39.
axb4+ axb4 40. Kb3 Re2 41. Bd6+ 1-0

[Event "2. Bundesliga West 2015/16"]
[Site "Voels Theatersaal"]
[Date "2016.01.23"]
[Round "7"]
[Board "1"]
[White "Drabke, Lorenz"]
[Black "Spornberger, Maximilian"]
[Result "1-0"]
[WhiteElo "2462"]
[BlackElo "2347"]
[PlyCount "77"]
[EventDate "2015.10.16"]
[EventType "team"]
[EventRounds "11"]
[EventCountry "AUT"]
[WhiteTeam "Dornbirn"]
[BlackTeam "Rochade Rum"]

1. d4 Nf6 2. Bf4 g6 3. Nf3 Bg7 4. e3 O-O 5. Be2 c5 6. O-O d6 7. c3 a6 8. a4 b6
9. h3 Nbd7 10. Bh2 Bb7 11. Nbd2 Bc6 12. Bd3 b5 13. e4 c4 14. Bc2 Bb7 15. Qe2
Ne8 16. e5 dxe5 17. Nxe5 Nxe5 18. Bxe5 Nf6 19. Ne4 Nd7 20. Bxg7 Kxg7 21. Rfe1
Re8 22. axb5 Qb6 23. Qxc4 axb5 24. Qb4 Qc6 25. Rxa8 Bxa8 26. Bd3 Qe6 27. Re3
Rb8 28. Nc5 Qd5 29. Be4 Qd6 30. Nxd7 Qxd7 31. Bxa8 Rxa8 32. Qxe7 Ra1+ 33. Kh2
Qc6 34. Qe5+ Kh6 35. Re4 g5 36. h4 f6 37. Qf5 Qd6+ 38. g3 Rf1 39. hxg5+ 1-0

[Event "2. Bundesliga West 2015/16"]
[Site "Voels Theatersaal"]
[Date "2016.01.23"]
[Round "7"]
[Board "2"]
[White "Gatterer, Florian"]
[Black "Novkovic, Milan"]
[Result "1/2-1/2"]
[WhiteElo "2223"]
[BlackElo "2380"]
[PlyCount "53"]
[EventDate "2015.10.16"]
[EventType "team"]
[EventRounds "11"]
[EventCountry "AUT"]
[WhiteTeam "Rochade Rum"]
[BlackTeam "Dornbirn"]

1. c4 e6 2. Nf3 d5 3. e3 Nf6 4. Nc3 Nbd7 5. b3 c6 6. Qc2 Bd6 7. Bb2 O-O 8. Be2
b6 9. cxd5 exd5 10. d4 Bb7 11. O-O Qe7 12. Rfd1 Rfe8 13. Rac1 Rac8 14. Qb1 g6
15. g3 h5 16. Bf1 Ng4 17. Re1 f5 18. h3 Ngf6 19. Ne2 Ne4 20. Nf4 Kh7 21. h4 Rg8
22. Nh3 Kg7 23. Kg2 Rge8 24. Bd3 Kg8 25. Nf4 Kh7 26. Nh3 Kg8 27. Nf4 1/2-1/2

[Event "2. Bundesliga West 2015/16"]
[Site "Voels Theatersaal"]
[Date "2016.01.23"]
[Round "7"]
[Board "3"]
[White "Schmidlechner, Alexander"]
[Black "Spornberger, Andre"]
[Result "0-1"]
[WhiteElo "2217"]
[BlackElo "2108"]
[PlyCount "116"]
[EventDate "2015.10.16"]
[EventType "team"]
[EventRounds "11"]
[EventCountry "AUT"]
[WhiteTeam "Dornbirn"]
[BlackTeam "Rochade Rum"]

1. d4 e6 2. c4 f5 3. Nf3 Nf6 4. g3 d5 5. Bg2 c6 6. b3 Bd6 7. O-O Qe7 8. a4 O-O
9. Ba3 Bxa3 10. Nxa3 Nbd7 11. Nb1 a5 12. Nbd2 Ne4 13. Qc2 Qd6 14. e3 b6 15.
Rfc1 Ba6 16. cxd5 cxd5 17. Qc7 Rfc8 18. Qxd6 Nxd6 19. Bf1 Bxf1 20. Kxf1 Ne4 21.
Nxe4 fxe4 22. Ng5 Nf8 23. h4 h6 24. Nh3 Kf7 25. Ke2 Nd7 26. g4 Ke7 27. Kd2 Kd6
28. Rxc8 Rxc8 29. g5 hxg5 30. Nxg5 Rf8 31. Ke2 e5 32. Rg1 exd4 33. exd4 Nf6 34.
f3 Rc8 35. Nf7+ Ke6 36. Ng5+ Ke7 37. fxe4 dxe4 38. Kd2 Kd6 39. Nh3 Kd5 40. Nf4+
Kxd4 41. Ne2+ Ke5 42. Rg5+ Ke6 43. Rxg7 Rd8+ 44. Kc1 Rh8 45. h5 Kf5 46. Rf7 Ke5
47. Re7+ Kd6 48. Rb7 Nd5 49. Ng3 Ke5 50. Rg7 Kf4 51. Kd2 Kf3 52. Rg5 Nf4 53.
Nxe4 Kxe4 54. b4 axb4 55. a5 bxa5 56. Rxa5 Rxh5 57. Ra4 Rh2+ 58. Kc1 Nd5 0-1

[Event "2. Bundesliga West 2015/16"]
[Site "Voels Theatersaal"]
[Date "2016.01.23"]
[Round "7"]
[Board "5"]
[White "Proyer, Enno"]
[Black "Hoellrigl, Wilfried"]
[Result "1-0"]
[WhiteElo "1906"]
[BlackElo "2153"]
[PlyCount "71"]
[EventDate "2015.10.16"]
[EventType "team"]
[EventRounds "11"]
[EventCountry "AUT"]
[WhiteTeam "Dornbirn"]
[BlackTeam "Rochade Rum"]

1. d4 Nf6 2. c4 g6 3. Nc3 d5 4. cxd5 Nxd5 5. Bd2 Bg7 6. e4 Nxc3 7. Bxc3 O-O 8.
Qd2 b6 9. O-O-O e5 10. d5 c6 11. Nf3 Bg4 12. Qe3 cxd5 13. Rxd5 Qc7 14. Kb1 Nc6
15. Bb5 Bxf3 16. Qxf3 Nd4 17. Bxd4 exd4 18. Rc1 Qxh2 19. g3 Qh6 20. Rd1 Rad8
21. Bd7 Bh8 22. g4 Qg7 23. Rd3 Qf6 24. Qxf6 Bxf6 25. f4 Kg7 26. e5 Be7 27.
R3xd4 f6 28. e6 Rh8 29. Rc4 h5 30. Rc7 Kf8 31. gxh5 Rxh5 32. Rxh5 gxh5 33. Rxa7
f5 34. Rb7 Bc5 35. b4 Be3 36. Ba4 1-0

[Event "2. Bundesliga West 2015/16"]
[Site "Voels Theatersaal"]
[Date "2016.01.23"]
[Round "7"]
[Board "6"]
[White "Jedinger, Andreas"]
[Black "Ausserer, Felix"]
[Result "1-0"]
[WhiteElo "2105"]
[BlackElo "1901"]
[PlyCount "97"]
[EventDate "2015.10.16"]
[EventType "team"]
[EventRounds "11"]
[EventCountry "AUT"]
[WhiteTeam "Rochade Rum"]
[BlackTeam "Dornbirn"]

1. e4 c5 2. Nf3 d6 3. d4 cxd4 4. Nxd4 Nf6 5. Nc3 g6 6. Be3 Bg7 7. f3 O-O 8. Qd2
Nc6 9. Bc4 Bd7 10. O-O-O Rc8 11. Bb3 Ne5 12. Kb1 Nc4 13. Bxc4 Rxc4 14. Nde2 b5
15. b3 Rc8 16. Bd4 a5 17. Nd5 Nxd5 18. Bxg7 Kxg7 19. exd5 a4 20. h4 axb3 21.
axb3 h5 22. g4 Rh8 23. Ng3 hxg4 24. fxg4 Qc7 25. g5 Qc3 26. Ne2 Qxd2 27. Rxd2
f6 28. gxf6+ exf6 29. Nd4 Rh5 30. Ne6+ Kf7 31. Nf4 Rh6 32. Rg1 Bf5 33. Ng2 Re8
34. Kb2 Re4 35. Ra1 Ke7 36. Ra7+ Bd7 37. Rd3 b4 38. Rg3 Ke8 39. Ne3 Rexh4 40.
Nc4 Rxc4 41. Re3+ Kd8 42. bxc4 Rh7 43. Kb3 g5 44. Kxb4 f5 45. Re6 Bxe6 46. Rxh7
Bd7 47. c5 dxc5+ 48. Kxc5 g4 49. Kd6 1-0

[Event "2. Bundesliga West 2015/16"]
[Site "Voels Theatersaal"]
[Date "2016.01.23"]
[Round "7"]
[Board "1"]
[White "Froewis, Georg"]
[Black "Krivoborodov, Egor"]
[Result "1-0"]
[WhiteElo "2434"]
[BlackElo "2522"]
[PlyCount "61"]
[EventDate "2015.10.16"]
[EventType "team"]
[EventRounds "11"]
[EventCountry "AUT"]
[WhiteTeam "Hohenems II"]
[BlackTeam "ASK Salzburg"]

1. Nf3 Nf6 2. c4 c6 3. g3 d5 4. Bg2 Bg4 5. Ne5 Be6 6. cxd5 Bxd5 7. Nf3 c5 8.
Nc3 Bc6 9. O-O e6 10. Re1 Nbd7 11. e4 e5 12. Nd5 Bd6 13. b4 cxb4 14. d4 O-O 15.
Nxf6+ Qxf6 16. d5 Bb5 17. Bg5 Qg6 18. Bd2 Bc5 19. Bh3 Qb6 20. Be3 Rfe8 21. Rb1
Bxe3 22. Rxe3 Qd6 23. a4 Ba6 24. Qd2 Rac8 25. Rxb4 Rc7 26. Rb1 Rec8 27. Bxd7
Rxd7 28. Rc3 Rdc7 29. Rbc1 Bc4 30. Qc2 a6 31. a5 1-0

[Event "2. Bundesliga West 2015/16"]
[Site "Voels Theatersaal"]
[Date "2016.01.23"]
[Round "7"]
[Board "2"]
[White "Besner, Bernhard"]
[Black "Baldauf, Marco"]
[Result "0-1"]
[WhiteElo "2211"]
[BlackElo "2420"]
[PlyCount "100"]
[EventDate "2015.10.16"]
[EventType "team"]
[EventRounds "11"]
[EventCountry "AUT"]
[WhiteTeam "ASK Salzburg"]
[BlackTeam "Hohenems II"]

1. e4 c5 2. c3 Nf6 3. e5 Nd5 4. d4 cxd4 5. Nf3 Nc6 6. cxd4 d6 7. Bc4 dxe5 8.
dxe5 Ndb4 9. a3 Qxd1+ 10. Kxd1 Na6 11. b4 Bg4 12. Bb2 Nc7 13. Nbd2 g6 14. h3
Be6 15. Ke2 Bh6 16. Rhd1 O-O-O 17. Rac1 Kb8 18. Bxe6 Nxe6 19. g3 Rc8 20. b5 Na5
21. Bc3 Nc4 22. Bb4 Bxd2 23. Bxd2 Nxa3 24. b6 axb6 25. Bb4 Nb5 26. Ke3 Rhe8 27.
Rxc8+ Kxc8 28. Rc1+ Kb8 29. h4 h5 30. Rd1 Na7 31. Ba3 Nc6 32. Bb2 Kc7 33. Nd2
Rd8 34. f4 Nc5 35. Ke2 Rd3 36. Nf1 Rxd1 37. Kxd1 b5 38. Ke2 Kd7 39. Ne3 Ne4 40.
g4 hxg4 41. Nxg4 Ng3+ 42. Kf3 Nf5 43. Ne3 Ke6 44. Ng2 Kd5 45. Ne3+ Nxe3 46.
Kxe3 e6 47. Kd3 b4 48. Bc1 Ne7 49. Be3 Nf5 50. Bf2 b3 0-1

[Event "2. Bundesliga West 2015/16"]
[Site "Voels Theatersaal"]
[Date "2016.01.23"]
[Round "7"]
[Board "3"]
[White "Burschowsky, Matthias"]
[Black "Roth, Peter"]
[Result "1-0"]
[WhiteElo "2208"]
[BlackElo "2119"]
[PlyCount "89"]
[EventDate "2015.10.16"]
[EventType "team"]
[EventRounds "11"]
[EventCountry "AUT"]
[WhiteTeam "Hohenems II"]
[BlackTeam "ASK Salzburg"]

1. Nf3 Nf6 2. c4 c6 3. b3 g6 4. Bb2 Bg7 5. g3 O-O 6. Bg2 d6 7. d4 e5 8. dxe5
Ng4 9. Qc2 Nxe5 10. O-O Bf5 11. Qd2 Nxf3+ 12. Bxf3 Bxb2 13. Qxb2 Qe7 14. Rd1
Rd8 15. Nc3 Nd7 16. Rd2 Nf6 17. Rad1 Rd7 18. Bg2 Rad8 19. h3 h5 20. Kh2 h4 21.
gxh4 Qe5+ 22. Kg1 Qe6 23. Kh2 Qe5+ 24. Kg1 Qe6 25. Rd4 d5 26. cxd5 cxd5 27. Qd2
Bxh3 28. Qg5 Bxg2 29. Qxg2 Kg7 30. e3 b6 31. Ne2 Nh5 32. Qg5 Qf5 33. Qxf5 gxf5
34. Kg2 Kf6 35. Kf3 Ke6 36. Rg1 f6 37. Rg6 Rh8 38. Rd1 Rc7 39. Rdg1 Ke5 40. Rg8
Rc8 41. Rxh8 Rxh8 42. Rc1 Kd6 43. Nd4 Ng7 44. Rc6+ Ke5 45. Rc7 1-0

[Event "2. Bundesliga West 2015/16"]
[Site "Voels Theatersaal"]
[Date "2016.01.23"]
[Round "7"]
[Board "4"]
[White "Juergens, Klaus"]
[Black "Gaertner, Guntram"]
[Result "1/2-1/2"]
[WhiteElo "2161"]
[BlackElo "2226"]
[PlyCount "62"]
[EventDate "2015.10.16"]
[EventType "team"]
[EventRounds "11"]
[EventCountry "AUT"]
[WhiteTeam "ASK Salzburg"]
[BlackTeam "Hohenems II"]

1. Nf3 Nf6 2. c4 e6 3. g3 a6 4. Bg2 b5 5. b3 Bb7 6. O-O c5 7. Nc3 b4 8. Na4 d6
9. d4 Nbd7 10. Nh4 Bxg2 11. Nxg2 Be7 12. Bb2 O-O 13. d5 e5 14. Qd3 Ne8 15. e4
Bf6 16. Rae1 g6 17. f4 Bg7 18. f5 g5 19. g4 f6 20. Kf2 Ra7 21. Rh1 Nb6 22. Nxb6
Qxb6 23. h4 h6 24. Bc1 a5 25. Qh3 Qd8 26. Re2 Kf7 27. Ne1 Ke7 28. Nc2 Kd7 29.
Ke1 Kc8 30. Rf2 Kb8 31. Kd1 Qe7 1/2-1/2

[Event "2. Bundesliga West 2015/16"]
[Site "Voels Theatersaal"]
[Date "2016.01.23"]
[Round "7"]
[Board "5"]
[White "Atlas, Dmitry"]
[Black "Loeffler, Christoph"]
[Result "1-0"]
[WhiteElo "2220"]
[BlackElo "2159"]
[PlyCount "53"]
[EventDate "2015.10.16"]
[EventType "team"]
[EventRounds "11"]
[EventCountry "AUT"]
[WhiteTeam "Hohenems II"]
[BlackTeam "ASK Salzburg"]

1. e4 c6 2. d4 d5 3. e5 Bf5 4. Nc3 e6 5. g4 Bg6 6. Nge2 Be7 7. Be3 Nd7 8. Qd2
c5 9. f4 cxd4 10. Nxd4 Qa5 11. Be2 Bh4+ 12. Kd1 O-O-O 13. b4 Qxb4 14. Rb1 Qa5
15. Ncb5 Qxd2+ 16. Kxd2 Nc5 17. Nxa7+ Kd7 18. f5 Ra8 19. fxg6 Rxa7 20. gxf7 Ne7
21. Nf3 Ne4+ 22. Kc1 Ra3 23. Rxb7+ Kc6 24. Rb3 Rxb3 25. axb3 Bf2 26. Bxf2 Nxf2
27. Rf1 1-0

[Event "2. Bundesliga West 2015/16"]
[Site "Voels Theatersaal"]
[Date "2016.01.23"]
[Round "7"]
[Board "6"]
[White "Herrmann, Michael"]
[Black "Sandholzer, Robert"]
[Result "1-0"]
[WhiteElo "2103"]
[BlackElo "2175"]
[PlyCount "87"]
[EventDate "2015.10.16"]
[EventType "team"]
[EventRounds "11"]
[EventCountry "AUT"]
[WhiteTeam "ASK Salzburg"]
[BlackTeam "Hohenems II"]

1. c4 e6 2. Nf3 d5 3. g3 Nf6 4. Bg2 dxc4 5. Qa4+ c6 6. Qxc4 b5 7. Qc2 Bb7 8. d4
Nbd7 9. O-O c5 10. Nc3 Qb6 11. a4 a6 12. axb5 axb5 13. Rxa8+ Bxa8 14. e3 Be7
15. b3 O-O 16. Bb2 Bc6 17. Rc1 Qb7 18. Qe2 cxd4 19. exd4 h6 20. Ne1 Bxg2 21.
Nxg2 b4 22. Na4 Rc8 23. Rc4 Nd5 24. Qc2 N7b6 25. Nxb6 Nxb6 26. Rxc8+ Qxc8 27.
Qxc8+ Nxc8 28. Ne3 Nb6 29. Kf1 Kf8 30. Ke2 f6 31. Kd3 Ke8 32. Bc1 Kd7 33. Bd2
Kc6 34. Ke4 Bf8 35. g4 Bd6 36. h4 g5 37. h5 Bf8 38. f4 gxf4 39. Kxf4 Nd5+ 40.
Ke4 Nc7 41. d5+ Kd7 42. dxe6+ Nxe6 43. Kd5 Bd6 44. Nf5 1-0

[Event "2. Bundesliga West 2015/16"]
[Site "Voels Theatersaal"]
[Date "2016.01.23"]
[Round "7"]
[Board "1"]
[White "Graf, Felix"]
[Black "Bertagnolli, Alexander"]
[Result "1-0"]
[WhiteElo "2478"]
[BlackElo "2343"]
[PlyCount "50"]
[EventDate "2015.10.16"]
[EventType "team"]
[EventRounds "11"]
[EventCountry "AUT"]
[WhiteTeam "Bregenz"]
[BlackTeam "Kufstein/Woergl"]

1. d4 Nf6 2. Nf3 c5 3. d5 e6 4. c4 b5 5. Bg5 h6 6. Bxf6 Qxf6 7. Qc2 exd5 8.
cxd5 d6 9. e4 a6 10. a4 bxa4 11. Nc3 Nd7 12. Qxa4 Be7 13. Qc6 Rb8 14. Bxa6 Bxa6
15. Rxa6 Rxb2 16. Nd1 Rb1 17. O-O Bd8 18. Ne3 Rxf1+ 19. Kxf1 Qb2 20. Ra7 O-O
21. Qxd7 Bb6 22. Rb7 Qc1+ 23. Ke2 Ba5 24. Qa4 Bb4 25. Ra7 Qb2+ 1-0

[Event "2. Bundesliga West 2015/16"]
[Site "Voels Theatersaal"]
[Date "2016.01.23"]
[Round "7"]
[Board "2"]
[White "Koepke, Christian"]
[Black "Jorczik, Julian"]
[Result "1-0"]
[WhiteElo "2322"]
[BlackElo "2385"]
[PlyCount "67"]
[EventDate "2015.10.16"]
[EventType "team"]
[EventRounds "11"]
[EventCountry "AUT"]
[WhiteTeam "Kufstein/Woergl"]
[BlackTeam "Bregenz"]

1. e4 e6 2. d4 d5 3. Nc3 h6 4. Nf3 Nf6 5. Bd3 Bb4 6. e5 Ne4 7. Bd2 Nxc3 8. bxc3
Be7 9. O-O b6 10. Qe2 Bb7 11. c4 dxc4 12. Bxc4 O-O 13. Rfd1 Qc8 14. Bf4 Rd8 15.
Rac1 c5 16. c3 Nc6 17. Bd3 Na5 18. Bb1 Bf8 19. h4 cxd4 20. cxd4 Qd7 21. h5 Rac8
22. Qd3 f5 23. exf6 gxf6 24. Nh4 f5 25. Be5 Bg7 26. Qg3 Qf7 27. Nxf5 exf5 28.
Bxf5 Kh8 29. Bxc8 Rxc8 30. Rxc8+ Bxc8 31. Rc1 Bd7 32. Qxg7+ Qxg7 33. Bxg7+ Kxg7
34. Rc7 1-0

[Event "2. Bundesliga West 2015/16"]
[Site "Voels Theatersaal"]
[Date "2016.01.23"]
[Round "7"]
[Board "3"]
[White "Weindl, Alfred"]
[Black "Maurer, Jochen"]
[Result "1/2-1/2"]
[WhiteElo "2331"]
[BlackElo "2254"]
[PlyCount "109"]
[EventDate "2015.10.16"]
[EventType "team"]
[EventRounds "11"]
[EventCountry "AUT"]
[WhiteTeam "Bregenz"]
[BlackTeam "Kufstein/Woergl"]

1. Nf3 g6 2. d4 Nf6 3. Bg5 Bg7 4. c3 O-O 5. e3 d6 6. Be2 c5 7. O-O Qb6 8. Qb3
Be6 9. Qxb6 axb6 10. Na3 h6 11. Bxf6 Bxf6 12. Rfd1 Bd5 13. Nd2 Bc6 14. Nb5 d5
15. a4 Nd7 16. f4 Rfc8 17. g3 Nf8 18. Bg4 e6 19. Kf2 g5 20. Nf3 Ng6 21. f5 h5
22. fxg6 hxg4 23. gxf7+ Kg7 24. Nd2 Bxb5 25. axb5 Kxf7 26. Nb3 Be7 27. Rxa8
Rxa8 28. Ra1 Rxa1 29. Nxa1 e5 30. Nb3 Ke6 31. Ke2 Kd6 32. dxe5+ Kxe5 33. Nd2 c4
34. b3 cxb3 35. Nxb3 Bc5 36. Kd3 Be7 37. Nd2 Ba3 38. Nb3 Bc5 39. Na1 Be7 40.
Ke2 Ke4 41. Nb3 Bf6 42. Nd2+ Ke5 43. Kd3 Be7 44. e4 Bc5 45. exd5 Kxd5 46. Ne4
Bg1 47. Nf6+ Kc5 48. Nxg4 Kxb5 49. h4 gxh4 50. gxh4 Bc5 51. h5 Bf8 52. Ne3 Kc5
53. Kc2 Kd6 54. h6 Ke5 55. c4 1/2-1/2